| 000 | 00393nam a22001457a 4500 | ||
|---|---|---|---|
| 020 | _a8126504838 | ||
| 082 |
_222 _a005.7222 |
||
| 100 | _aUllman, Chris...[et al.]. | ||
| 245 | _aBeginning ASP net 1.1 with VB. net 2003 / | ||
| 260 |
_aNew Delhi, _bWiley India, _cc2005. |
||
| 300 |
_axvii, 863 p. ; _bill. ; _c24 cm. |
||
| 700 | _aKauffman, John. | ||
| 700 | _aHart, Christ. | ||
| 942 |
_2ddc _cIT _02 |
||
| 999 |
_c413 _d413 |
||